| 000 | 00503nam a2200157 a 4500 | ||
|---|---|---|---|
| 001 | 000047381 | ||
| 005 | 20201002060517.0 | ||
| 008 | 180510s199- dr ac r 000 0 spa d | ||
| 040 |
_aDO-SdBNP _bspa _cBNPHU |
||
| 082 |
_axxxx _bR173s |
||
| 100 | 1 |
_aRamírez Báez, Ramón O. _942867 |
|
| 245 | 1 | 0 |
_aSeamos buenos dominicanos : _bestudios sociales 4 / _cRamón O. Ramírez Báez. |
| 260 |
_aSanto Domingo : _bSusaeta, _c[s.f.]. |
||
| 300 |
_a144 p. : _bil., map., ; _c26 cm. |
||
| 590 | _aInventariado, 2018/BT | ||
| 999 |
_c46869 _d46869 |
||